[Event "Vaujany op 5th"]
[Site "Vaujany"]
[Date "2014.07.12"]
[Round "3.13"]
[White "Stamboulian, Brice"]
[Black "Lorenter, Patrick"]
[Result "1-0"]
[WhiteElo "1688"]
[BlackElo "1536"]
[PlyCount "87"]
[EventDate "2014.07.10"]
[EventType "swiss"]
[EventRounds "9"]
[EventCountry "FRA"]
[SourceTitle "EXT 2017"]
[Source "ChessBase"]
[SourceDate "2016.10.25"]
[SourceVersion "1"]
[SourceVersionDate "2016.10.25"]
[SourceQuality "1"]

1. e4 d6 2. d4 Nf6 3. Nc3 g6 4. Nf3 Bg7 5. Be2 0-0 6. 0-0 Bg4 7. Be3 e5 8. dxe5 Bxf3 9. Bxf3 dxe5 10. Bg5 c6 11. Qe2 Qe7 12. a3 Rd8 13. Rad1 Na6 14. h4 Nc7 15. Bg4 Ne6 16. Bxe6 Qxe6 17. Rxd8+ Rxd8 18. Rd1 Rxd1+ 19. Qxd1 Qd7 20. Qxd7 Nxd7 21. Be3 a6 22. g4 Bf8 23. Kg2 f6 24. f3 Kf7 25. Kf2 Ke6 26. Ke2 Bc5 27. Bxc5 Nxc5 28. Ke3 f5 29. exf5+ gxf5 30. b4 Nd7 31. g5 Kf7 32. h5 b5 33. f4 Nb6 34. fxe5 Ke6 35. Kf4 Nc4 36. Ne2 Nxe5 37. Nd4+ Kd5 38. Nxf5 Ke6 39. Ng7+ Kd6 40. Kf5 Nf7 41. Kf6 Ne5 42. Ne8+ Kd5 43. Kg7 Nf3 44. Nf6+ 1-0